| 000 | 00709cam a2200229 i 4500 | ||
|---|---|---|---|
| 001 | 4171881 | ||
| 005 | 20180810052128.0 | ||
| 008 | 790426s1979 moua b 001 0 eng | ||
| 010 | _a 79013793 | ||
| 020 | _a0801630118 | ||
| 040 |
_aDLC _cDLC _dDLC |
||
| 041 | _aeng | ||
| 060 | _aWS366 P895 | ||
| 080 | _a618.92 | ||
| 082 | 0 | 0 | _a618.92 |
| 100 | _a8 | ||
| 101 | _aPED | ||
| 245 | 0 | 2 |
_aA Practical guide to pediatric intensive care / _ceditor, Daniel L. Levin, associate editor, Frances C. Morriss, assistant editor, Gerald C. Moore ; medical ill., Scott Thorn Barrows. |
| 504 | _aIncludes bibliographies and index. | ||
| 906 |
_a7 _bcbc _corignew _d1 _eocip _f19 _gy-gencatlg |
||
| 942 |
_2ddc _cBK |
||
| 999 |
_c46997 _d46997 |
||